Možnosti ústupu sú už vyčerpané Prejav prvého tajomníka ÚV PZRS W. Jaruzelského

Bibliographic Details
Format: Article
Language:Slovak
Subjects:

MARC

LEADER 00000nab a2200000 a 4500
001 vtls000098576
003 SK-MaSNL
005 20260303222238.0
008 150501c1981 xo 0 slo
015 |a SNBRB19rr/mm-uuuuu 
035 |a CL0108679 
040 |a SNKBUCL  |b slo  |c SNKBUCL  |e AACR2 
041 0 |a slo 
044 |a xo  |c SK 
080 |a 329.15(100-11)  |2 1981 
080 |a 323(100-11)(438)  |2 1981 
245 0 0 |a Možnosti ústupu sú už vyčerpané  |b Prejav prvého tajomníka ÚV PZRS W. Jaruzelského 
610 2 7 |a Polska Zjednoczona Partia Robotnicza  |2 SNKKA  |9 242914 
655 7 |a články z novín a časopisov  |2 snkbucl  |9 267496 
773 0 |t Pravda  |g Roč. 62, č. 248 (20. 10. 1981), s. 7 
850 |a Slovenská národná knižnica v Martine  |a MTA001 
852 |a SNK  |b KIS3GCP 
958 |a RK 
958 |a PL 
992 |a RBX 
999 |c 2239113  |d 2241043